000 00445nam a2200157 i 4500
001 49374
003 ES-MaACL
005 20230906161935.0
007 t|
008 030715s1968 sp ||||1| spa d
100 1 _aCortina, José Ramón.
_940942
245 1 3 _aEl arte dramático de Antonio Buero Vallejo /
_cJosé Ramón Cortina.
260 _aMadrid :
_bGredos,
_c[1968]
300 _a130 p. ;
_c20 cm.
852 _aES-MaACL
_jC-35452
_bR.68367
999 _c49374
_d49374